01140nam a2200193Ia 4500001001100000003001000011008004100021040002500062041001300087100001200100245004600112250001100158260008700169300002800256500026000284501011400544520026000658650002800918L906-40102IT-CnALBA170116s9999||||xx |||||||||||||| ||und|| aIT-CnALBAcIT-CnALBA aITALIANO aAA. VV. 0aVITA DI MILARETA. POETA MAGO ED EREMITA.  a2a ed. aMILANObADELPHI - EDIZIONI, S.P.A. c1998 [1° Ed.:1971 - Ed.Ling.Originale: 1971] a228 p. (prefazione: 16) aMAGO POETA EREMITA. DELITTI PROVE. LIBERAZIONE. CURATORE BACOT J. MANDALA. TRADUZIONE DI DEVOTO A. ARTE DELLA MAGIA NERA. UCCISIONE DEI NEMICI. TERRORE DEL PAESE. VENDETTA. POTERI MALIGNI. SUO AFFIDAMENTO AD UN MAESTRO EDUCATORE. EDUCAZIONE. CONOSCENZA SU aSocietà San Paolo EM - Piazza San Paolo, 14 - 12051 ALBA (CN) (non commercial uses only) ® Copyright 2017 aMAGO POETA EREMITA. DELITTI PROVE. LIBERAZIONE. CURATORE BACOT J. MANDALA. TRADUZIONE DI DEVOTO A. ARTE DELLA MAGIA NERA. UCCISIONE DEI NEMICI. TERRORE DEL PAESE. VENDETTA. POTERI MALIGNI. SUO AFFIDAMENTO AD UN MAESTRO EDUCATORE. EDUCAZIONE. CONOSCENZA SU aORGANIZZAZIONI STORICHE